<?xml version="1.0" encoding="UTF-8"?>
<record
    xmlns:xsi="http://www.w3.org/2001/XMLSchema-instance"
    xsi:schemaLocation="http://www.loc.gov/MARC21/slim http://www.loc.gov/standards/marcxml/schema/MARC21slim.xsd"
    xmlns="http://www.loc.gov/MARC21/slim">

  <leader>01589nam a2200265Ia 4500</leader>
  <controlfield tag="003">OSt</controlfield>
  <controlfield tag="005">20210610142743.0</controlfield>
  <controlfield tag="008">210310s1986    ck     gr     001 0 spa d</controlfield>
  <datafield tag="020" ind1=" " ind2=" ">
    <subfield code="a">9589589509681</subfield>
  </datafield>
  <datafield tag="040" ind1=" " ind2=" ">
    <subfield code="a">CO-JMCR</subfield>
    <subfield code="c">CO-JMCR</subfield>
  </datafield>
  <datafield tag="041" ind1="0" ind2=" ">
    <subfield code="h">eng</subfield>
    <subfield code="a">spa</subfield>
  </datafield>
  <datafield tag="082" ind1="0" ind2=" ">
    <subfield code="a">331.25923 /</subfield>
    <subfield code="b">S471f</subfield>
    <subfield code="2">23</subfield>
  </datafield>
  <datafield tag="111" ind1="2" ind2=" ">
    <subfield code="a">Seminario Internacional sobre Rehabilitaci&#xF3;n del Minusv&#xE1;lido</subfield>
    <subfield code="c">Bogot&#xE1;)</subfield>
    <subfield code="d">(1985 :</subfield>
    <subfield code="9">38330</subfield>
  </datafield>
  <datafield tag="245" ind1="1" ind2="0">
    <subfield code="a">Formaci&#xF3;n y trabajo  camino hacia la integraci&#xF3;n social / </subfield>
    <subfield code="c">Ministerio de trabajo y seguridad social</subfield>
  </datafield>
  <datafield tag="260" ind1=" " ind2=" ">
    <subfield code="a">Bogot&#xE1; : </subfield>
    <subfield code="b">Direcci&#xF3;n general del servicio nacional de empleo, </subfield>
    <subfield code="c">1985.</subfield>
  </datafield>
  <datafield tag="300" ind1=" " ind2=" ">
    <subfield code="a">206 p&#xE1;ginas ; </subfield>
    <subfield code="c">24 cm.</subfield>
  </datafield>
  <datafield tag="440" ind1=" " ind2=" ">
    <subfield code="a">#N/A</subfield>
    <subfield code="9">26677</subfield>
  </datafield>
  <datafield tag="490" ind1="0" ind2=" ">
    <subfield code="a">Biblioteca Senalde ; </subfield>
    <subfield code="v">Volumen 10 </subfield>
  </datafield>
  <datafield tag="505" ind1="0" ind2=" ">
    <subfield code="t">Discurso pronunciado por el ministro (E.) de trabajo y seguridad social. / </subfield>
    <subfield code="r">Germ&#xE1;n Alberto Bulla Escobar. -- </subfield>
    <subfield code="t">Derecho al trabajo. Ponencia elaborada por los profesores. / </subfield>
    <subfield code="r">Luis Enrique de la Villa G&#xED;l ; Juan Antonio Sagardoy </subfield>
    <subfield code="t">Rehabilitaci&#xF3;n y desarrollo de personas con limitaciones: una perspectiva internacional sobre algunas desaf&#xED;os pendientes y futuras perspectivas. /</subfield>
    <subfield code="r">Rami Rabby. -- </subfield>
    <subfield code="t">Alternativas de trabajo para personas limitadas. / </subfield>
    <subfield code="r">Sam Niwa. -- </subfield>
    <subfield code="t">Comentario a la ponencia sobre "Alternativas de trabajo para las personas discapacitas". / </subfield>
    <subfield code="r">Sam Niwa. -- </subfield>
    <subfield code="t">Alternativas de formaci&#xF3;n profesional para minusv&#xE1;lidos. /  </subfield>
    <subfield code="r">Ricardo Cerda Montes.</subfield>
  </datafield>
  <datafield tag="546" ind1=" " ind2=" ">
    <subfield code="a">Textos en espa&#xF1;ol e Ingl&#xE9;s.</subfield>
  </datafield>
  <datafield tag="650" ind1="1" ind2="4">
    <subfield code="a">Formaci&#xF3;n laboral </subfield>
    <subfield code="9">38331</subfield>
  </datafield>
  <datafield tag="650" ind1="0" ind2="4">
    <subfield code="a">Trabajo </subfield>
    <subfield code="x">formaci&#xF3;n </subfield>
    <subfield code="9">38332</subfield>
  </datafield>
  <datafield tag="650" ind1="0" ind2="4">
    <subfield code="a">Trabajo </subfield>
    <subfield code="x">ponencia</subfield>
    <subfield code="9">38333</subfield>
  </datafield>
  <datafield tag="942" ind1=" " ind2=" ">
    <subfield code="2">ddc</subfield>
    <subfield code="c">BK</subfield>
  </datafield>
  <datafield tag="999" ind1=" " ind2=" ">
    <subfield code="c">11873</subfield>
    <subfield code="d">11873</subfield>
  </datafield>
  <datafield tag="952" ind1=" " ind2=" ">
    <subfield code="0">0</subfield>
    <subfield code="1">0</subfield>
    <subfield code="2">ddc</subfield>
    <subfield code="4">0</subfield>
    <subfield code="7">0</subfield>
    <subfield code="a">CPL</subfield>
    <subfield code="b">CPL</subfield>
    <subfield code="c">GEN</subfield>
    <subfield code="d">2018-04-15</subfield>
    <subfield code="e">Donaci&#xF3;n </subfield>
    <subfield code="o">331.25923 / S471f</subfield>
    <subfield code="p">430003096</subfield>
    <subfield code="r">2024-05-16 00:00:00</subfield>
    <subfield code="t">Ej.1</subfield>
    <subfield code="w">2021-03-10</subfield>
    <subfield code="y">BK</subfield>
  </datafield>
</record>
